Quizzes
Events
Quiz Creation
Community
Videos
Private Events
Remove Ads
Sign In
Join for FREE
Feedback
Dark Mode
Quiz Categories
Sports
Geography
Music
Movies
Television
Just For Fun
Miscellaneous
History
Literature
Language
Science
Gaming
Entertainment
Religion
Holiday
For Kids
Quiz Lab
Recent
Popular Today
Quiz Kudos Today
Editor Picks
Curator Picks
Quizzes by...
Day
Popularity
Type
Ratings
Length
Year
Community
Subscriptions
Recent Discussions
Orange Saloon
Badges
Playlists
Quests
Create
Leaderboards
Showdown
Live 5
Trivia Bingo
Activity
Puzzle Library
Sporcle Events
Private Events
Virtual Trivia
Globe League
Become a Host
Pub Owners
SporcleCon
Opinionation
Our Games
Videos
Blog
Mobile Apps
Partnerships
Remove Ads and Go Orange
Feedback
Religion
Mythology
Religious Music
World Religions
Bible
Christianity
Catholicism
Judaism
Church
Scripture
Islam
Verse
Religion
Mythology
Religious Music
World Religions
Bible
Christianity
Catholicism
Judaism
Church
Scripture
Islam
Verse
Random Quiz
Search Sporcle
×
Quiz Lab
Quiz Lab
Religion
god
Type in answers that appear in a list
Type in answers that appear in a list
Classic
Best Score? Go Orange.
Laziness from God's perspective - Part 2 (NIV) Stats
Can you name the Laziness from God's perspective - Part 2 (NIV)?
By
Taxmanjs
3m
44 Questions
10 Plays
10 Plays
10 Plays
Comments
Comments
Give Quiz Kudos
Give Quiz Kudos
-
- Ratings
hide this ad
Replay
Link that replays current quiz
Next Quiz
Link to next quiz in quiz playlist
You Got
0%
They Got
Avg Score
49%
Avg Friend Score
Upgrade to see
Score Distribution
Jump to the score distribution portion of the page
Score
0/44
Timer
03:00
0
Plays Today
Hint
Answer
% Correct
the
100%
the
100%
a
100%
the
100%
the
100%
Jeremiah 48:10a
A
100%
the
100%
of
70%
of
70%
on
70%
man
60%
is
60%
is
60%
lazy
50%
his
50%
are
50%
who
50%
in
50%
does
40%
not
40%
Ecclesiastes 10:18
If
40%
if
40%
Hint
Answer
% Correct
idle
40%
Lord's
40%
work
40%
Proverbs 31:27
She
30%
watches
30%
over
30%
affairs
30%
her
30%
household
30%
she
30%
eat
30%
bread
30%
idleness
30%
rafters
30%
sag
30%
hands
30%
house
30%
leaks
30%
curse
30%
him
30%
lax
30%
doing
30%
Quiz Playlist
Details
Report
Send in Message
Add To Playlist
Classic:
Type in answers that appear in a list
Last Updated: Feb 16, 2017
Quiz Scoreboard
CHALLENGE
Sign Up to Join the Scoreboard
Show All
Scores
Hide
Comments
May contain spoilers
Recently Published
TV Characters by Other Roles V
by ghcgh
Television
5m
Decade Duel: World Leaders
by jenniferyan
History
4m
Alphabetical 'K' Countries by Flag Minefield
by ylime102
Geography
3m
More to Explore
Quiz From the Vault
Featured Blog Post
15 Basketball Trivia Facts You Can Be March Mad About
hide this ad
You Might Also Like...
Tags
god
NIV
Perspective
Today's Top Quizzes in Religion
Browse Religion
hide this ad
Today's Top Quizzes in god
Browse god
Top Contributed Quizzes in Religion
1
4-to-1 Blitz: The Bible
2
4-to-1 Blitz: Judaism
3
Follow That Line: Easter Verses
4
Get the Picture: Seasonal Deities
5
Bible Bunker: Genesis
6
Verse Map Reveal
7
Quick Pick: Continental Religions
8
Word Ladder: Mythological Mothers
9
Word Ladder: Holy Books
10
Complete the Bible Duos
Explore More
Trending Topics
NBA
Harry Potter
Disney
Anime
Marvel
Kpop
Crossword
Song
Puzzle
Pokémon
The Office
WWE
Country
NFL
Soccer
hide this ad
More By:
Taxmanjs
Quiz
Plays
Rating
Category
Featured
Created
Multiple US Open (Golf) Winners
25,581
4.36
Sports
Apr 2, 2015
Championship MVPs During the 1980s
12,067
4.43
Sports
Jul 25, 2021
Rock Musicians names Bob, Robbie or Robert
1,944
3.63
Music
Mar 26, 2020
Renamed in the Bible
1,305
4.71
Religion
Dec 16, 2019
Active home run & hits leaders going into 2018
1,133
2.75
Sports
Feb 23, 2018
Go to Creator's Profile
Score Distribution
Quiz Creator Spotlight
Taxmanjs
Follow
Send a Message
Quizzes Created
-
Created Quiz Play Count
-
More By This Creator
Popular Quizzes Today
1
Countries of Asia Without Outlines Minefield
2
Find the US States - No Outlines Minefield
3
Pick 6: Fruits
4
The Countries of the World
5
Find the Countries of Europe - No Outlines Minefield
6
Alphabetical 'K' Countries by Flag Minefield
7
Find the US States
8
US States
More Religion Quizzes
Five Books of Moses Crossword
Curator's Pick
Trending Quizzes
Pick 6: Mountains
Pick 6: Harry Potter
Pick 6: NFL Teams
Pick 6: Flags
C Names for Actors
Recently Updated
Adaptations: Name the Title
pecheneg
NWSL Teams
pecheneg
Women's Final Four Teams by Year
bhenderson79
Presidents Quartet II
eogle
Anything But Clue(do)
eogle
Anything But Oceanian Capitals
eogle
Anything But 7
eogle
Anything But Thing
eogle
Word Ladder: February 29
pecheneg
Song Title Questions
pecheneg
Trending Topics
NBA
Crossword
Anime
Marvel
Harry Potter
Disney
Kpop
Country
WWE
Pokémon
NFL
Puzzle
The Office
Song
Soccer
Your Account Isn't Verified!
In order to create a playlist on Sporcle, you need to verify the email address you used during registration. Go to your
Sporcle Settings
to finish the process.
Report this User
Report this user for behavior that violates our
Community Guidelines
.
Details:
Send Report
Go to the Sporcle.com Mobile Site →
Comments